[Event "20th Heraklion IT Open 2017"]
[Site "Heraklion"]
[Date "2017.04.21"]
[Round "6"]
[White "Damia, Angelo"]
[Black "Bras, Emanouel"]
[Result "1-0"]
[WhiteElo "2417"]
[BlackElo "1898"]
[Annotator "TA"]
[PlyCount "61"]
[EventDate "2017.??.??"]
[EventType "swiss"]
[EventCountry "GRE"]
[SourceTitle "playchess.com"]
[Source "ChessBase"]
[SourceQuality "1"]

{[%evp 3,61,18,28,-12,-7,-22,54,35,61,48,78,89,101,99,99,100,77,31,50,57,57,58,54,59,80,87,83,88,93,62,115,-75,-83,-77,-72,-59,26,14,46,55,113,45,99,0,0,0,0,0,104,95,197,198,187,98,91,87,86,86,651,650]} 1. c4 e5 2. Nc3 Nf6 {LiveBook: 12265 Games} 3. f4 {A22: English Opening: 1...e5 2 Nc3 Nf6} (3. Nf3 Nc6 4. g3 d5 5. cxd5 Nxd5 6. Bg2 Nb6 7. O-O Be7 8. d3 O-O 9. a3 Re8 10. b4 a5 11. b5 Nd4 12. Rb1 Bf8 13. Nd2 a4 14. e3 Ne6 15. Nf3 Nc5 16. Nxe5 Rxe5 17. d4 Re8 18. dxc5 Qxd1 19. Rxd1 Bxc5 20. Bb2 Nc4 {½-½ (96) Nepomniachtchi,I (2749)-Vachier Lagrave,M (2796) Sharjah 2017}) 3... exf4 {White should prevent ...d5.} 4. d4 $1 Nh5 (4... d5 $11) 5. Nh3 $1 $14 {White is slightly better.} g6 6. Qd3 $146 (6. Bxf4 Nxf4 7. Nxf4 Bh6 8. e3 d6 9. Be2 Bxf4 10. exf4 Nd7 {1-0 (27) Ggat-Calvert,S CServe email 1993}) 6... Bg7 7. Qe4+ (7. Nxf4 Nxf4 8. Bxf4 O-O $11) 7... Qe7 8. Qxe7+ (8. Nxf4 $6 Qxe4 9. Nxe4 Bxd4 $11) 8... Kxe7 9. Nd5+ Kd8 10. Nhxf4 Nxf4 11. Bxf4 d6 12. Bg5+ Kd7 {[%cal Bd8d7,Bd7e7,Be7f7][%mdl 32]} 13. O-O-O c6 {[#]} 14. Nc3 $1 f6 15. Bf4 Ke7 16. d5 g5 ({Better is} 16... Rd8 $14) 17. dxc6 $2 (17. Bg3 $16) 17... gxf4 $17 18. Nd5+ Kf7 19. Nc7 Nxc6 (19... bxc6 $15 20. Rxd6 (20. Nxa8 Bb7 21. Rxd6 Bxa8 $17) 20... Bb7 21. Nxa8 Bxa8) 20. Nxa8 $11 Bh6 21. Nc7 (21. Rxd6 f3+ 22. Kd1 Bf4 $15) 21... Bf5 (21... Ne5 $1 $14) 22. Kd2 (22. b3 $16) 22... Ne5 (22... a6 $14) 23. b3 (23. Ke1 $16) 23... Ng4 ({But not} 23... f3+ $6 24. Kc3 f2 25. Nb5 $16 (25. Rxd6 Ng4 $16)) 24. Ke1 {Threatens to win with Nb5.} Ne3 25. Rxd6 {Black must now prevent Nd5.} Rc8 (25... Bf8 $1 $11 {keeps the balance.} 26. Rd3 Bxd3 27. exd3 Bb4+ 28. Kf2 Rc8) 26. Nd5 $16 b5 (26... Be6 $16) 27. Rxf6+ $18 Kg7 28. Nxe3 (28. g4 $18 Be4 29. g5 Nxd5 30. Rd6 (30. Rxh6 Bxh1 31. cxd5 Bxd5 $18) 30... Bxh1 31. gxh6+ Kf8 32. cxd5) 28... Kxf6 $16 29. Nxf5 Kxf5 30. g3 {[#] And now Bh3+ would win.} bxc4 $2 {[%mdl 8192]} (30... Rc7 $16) 31. Bh3+ 1-0

[Event "20th Heraklion IT Open 2017"]
[Site "Heraklion"]
[Date "2017.04.21"]
[Round "6"]
[White "Wallace, John Paul"]
[Black "Vitsaxakis, Nikolaos"]
[Result "1-0"]
[WhiteElo "2404"]
[BlackElo "1726"]
[Annotator "ChessBase"]
[PlyCount "57"]
[EventDate "2017.??.??"]
[EventType "swiss"]
[EventCountry "GRE"]
[SourceTitle "playchess.com"]
[Source "ChessBase"]
[SourceQuality "1"]
[TimeControl "40/5400+30:1800+30"]

1. e4 {[%emt 0:00:00]} e5 {[%emt 0:00:05]} 2. f4 {[%emt 0:00:00]} d5 {[%emt 0:00:06]} 3. exd5 {[%emt 0:00:13]} exf4 {[%emt 0:00:06]} 4. Nf3 {[%emt 0:00:10]} Bd6 {[%emt 0:00:15]} 5. d4 {[%emt 0:04:50]} Ne7 {[%emt 0:00:08]} 6. c4 {[%emt 0:00:58]} b6 {[%emt 0:05:56]} 7. Bd3 {[%emt 0:03:39]} O-O {[%emt 0:00:13]} 8. O-O {[%emt 0:00:08]} c6 {[%emt 0:00:17]} 9. dxc6 {[%emt 0:01:40]} Nbxc6 {[%emt 0:01:00]} 10. Nc3 {[%emt 0:00:14]} Bg4 11. Bxh7+ {[%emt 0:02:08]} Kh8 {[%emt 0:03:24]} 12. Be4 {[%emt 0:24:33]} f5 {[%emt 0:12:58]} 13. Bxc6 {[%emt 0:01:27]} Nxc6 {[%emt 0:01:46]} 14. Kh1 {[%emt 0:00:33]} Qe8 {[%emt 0:15:09]} 15. Nb5 {[%emt 0:10:58]} Rd8 {[%emt 0:13:26]} 16. Nxd6 {[%emt 0:03:34]} Rxd6 {[%emt 0:00:05]} 17. d5 {[%emt 0:00:17]} g5 {[%emt 0:00:13]} 18. Qe1 {[%emt 0:04:32]} Bxf3 {[%emt 0:04:01]} 19. gxf3 {[%emt 0:00:27]} Qxe1 {[%emt 0:02:15]} 20. Rxe1 {[%emt 0:00:09]} Nd4 {[%emt 0:00:03]} 21. b3 {[%emt 0:15:39]} Nc2 {[%emt 0:13:10]} 22. Re7 {[%emt 0:07:05]} Kg8 {[%emt 0:00:36]} 23. Bb2 {[%emt 0:00:10]} Rf7 {[%emt 0:00:08]} 24. Re8+ {[%emt 0:01:14]} Kh7 {[%emt 0:07:57]} 25. Rg1 {[%emt 0:00:49]} g4 {[%emt 0:06:36]} 26. fxg4 {[%emt 0:01:42]} f3 {[%emt 0:02:17]} 27. gxf5 {[%emt 0:08:31]} Kh6 {[%emt 0:00:28]} 28. Rh8+ {[%emt 0:00:35]} Rh7 {[%emt 0:00:07]} 29. Bc1+ {[%emt 0:00:07]} 1-0

[Event "20th Heraklion IT Open 2017"]
[Site "Heraklion"]
[Date "2017.04.21"]
[Round "6"]
[White "Sredojevic, Ivan"]
[Black "Lirindzakis, Timotheos"]
[Result "1-0"]
[WhiteElo "2351"]
[BlackElo "2177"]
[Annotator "ChessBase"]
[PlyCount "79"]
[EventDate "2017.??.??"]
[EventType "swiss"]
[EventCountry "GRE"]
[SourceTitle "playchess.com"]
[Source "ChessBase"]
[SourceQuality "1"]
[TimeControl "40/5400+30:1800+30"]

1. e4 {[%emt 0:00:00]} e5 {[%emt 0:00:16]} 2. Nf3 {[%emt 0:00:00]} Nc6 {[%emt 0:00:11]} 3. Nc3 {[%emt 0:00:00]} Nf6 {[%emt 0:00:14]} 4. a3 {[%emt 0:00:00]} d5 {[%emt 0:00:50]} 5. exd5 {[%emt 0:00:24]} Nxd5 {[%emt 0:00:05]} 6. Bb5 {[%emt 0:00:23]} Nxc3 {[%emt 0:00:39]} 7. bxc3 {[%emt 0:00:02]} Bd6 {[%emt 0:00:46]} 8. O-O {[%emt 0:00:03]} O-O {[%emt 0:00:41]} 9. d4 {[%emt 0:01:48]} exd4 {[%emt 0:01:05]} 10. cxd4 {[%emt 0:00:06]} Bg4 {[%emt 0:01:47]} 11. c3 {[%emt 0:00:42]} Qf6 {[%emt 0:01:28]} 12. Be2 {[%emt 0:04:03]} Rfe8 {[%emt 0:04:06]} 13. h3 {[%emt 0:05:16]} Bd7 {[%emt 0:15:54]} 14. Bd3 {[%emt 0:09:44]} h6 {[%emt 0:02:46]} 15. Rb1 {[%emt 0:01:53]} b6 {[%emt 0:06:57]} 16. c4 {[%emt 0:18:45]} Bf5 {[%emt 0:13:11]} 17. Bb2 {[%emt 0:06:55]} Bxd3 {[%emt 0:01:30]} 18. Qxd3 {[%emt 0:00:02]} Rad8 {[%emt 0:04:47]} 19. Rfe1 {[%emt 0:05:19]} Rxe1+ {[%emt 0:10:39]} 20. Rxe1 {[%emt 0:01:21]} Ne7 {[%emt 0:00:32]} 21. Qc2 {[%emt 0:11:13]} Qf5 {[%emt 0:02:59]} 22. Qc3 {[%emt 0:02:12]} Ng6 {[%emt 0:07:42]} 23. d5 {[%emt 0:01:00]} Bf8 {[%emt 0:00:30]} 24. Nd4 {[%emt 0:00:31]} Qd7 {[%emt 0:01:41]} 25. Nc6 {[%emt 0:00:52]} Re8 {[%emt 0:03:32]} 26. Rxe8 {[%emt 0:05:27]} Qxe8 {[%emt 0:00:02]} 27. Nxa7 {[%emt 0:00:01]} Nf4 {[%emt 0:02:42]} 28. Qe5 {[%emt 0:02:27]} Ne2+ {[%emt 0:04:40]} 29. Kf1 {[%emt 0:00:30]} Qa4 {[%emt 0:00:23]} 30. Kxe2 {[%emt 0:05:24]} Qxa7 {[%emt 0:00:04]} 31. Qe8 {[%emt 0:00:10]} Qa5 {[%emt 0:05:24]} 32. Qb5 {[%emt 0:01:37]} Qa8 {[%emt 0:01:32]} 33. Qd7 {[%emt 0:01:34]} Bd6 {[%emt 0:02:44]} 34. a4 {[%emt 0:00:07]} h5 {[%emt 0:01:21]} 35. g3 {[%emt 0:00:33]} Kf8 {[%emt 0:02:02]} 36. Bc3 {[%emt 0:00:12]} g6 {[%emt 0:00:37]} 37. Kd3 {[%emt 0:00:49]} Kg8 {[%emt 0:00:54]} 38. Bf6 {[%emt 0:02:10]} Kf8 {[%emt 0:00:44]} 39. g4 {[%emt 0:00:56]} hxg4 {[%emt 0:01:20]} 40. hxg4 {[%emt 0:00:00]} 1-0

[Event "20th Heraklion IT Open 2017"]
[Site "Heraklion"]
[Date "2017.04.21"]
[Round "6"]
[White "Martorelli, Antonio"]
[Black "Moshovakis, Aggelos"]
[Result "0-1"]
[WhiteElo "2220"]
[BlackElo "2030"]
[Annotator "TA"]
[PlyCount "122"]
[EventDate "2017.??.??"]
[EventType "swiss"]
[EventCountry "GRE"]
[SourceTitle "playchess.com"]
[Source "ChessBase"]
[SourceQuality "1"]

{[%evp 23,122,-10,-12,-7,-14,-39,-15,-11,5,0,0,-18,0,0,-3,-7,0,-6,-16,-53,-29,-26,-21,-22,0,0,0,-40,0,0,0,0,0,-56,-48,-86,-22,-49,-44,-57,-47,-52,-45,-72,-36,-48,0,-97,-68,-68,0,-102,0,-71,-80,-85,-65,-79,-69,-69,-68,-68,-24,-98,-68,-72,-59,-102,-89,-307,-316,-316,-278,-603,-621,-614,-604,-590,-570,-1087,-1039,-953,-896,-627,-710,-665,-579,-5583,-2041,-29971,-29974,-29978,-29980,-29980,-29981,-29981,-29982,-29984,-29985,-29989,-29984]} 1. e4 e5 2. Nf3 Nf6 3. d4 Nxe4 4. Bd3 d5 5. Nxe5 Nd7 6. Nxd7 Bxd7 7. O-O Bd6 8. c4 c6 9. Nc3 O-O {C43: Petroff Defence: 3 d4} 10. Qh5 (10. cxd5 Nxc3 11. bxc3 cxd5 12. Qh5 g6 13. Qxd5 {½-½ (13) Popov,I (2639)-Motylev,A (2665) Jerusalem 2015}) 10... g6 11. Qh6 Nxc3 12. bxc3 Re8 {LiveBook: 3 Games} 13. Rb1 b6 14. a4 Be6 $146 (14... dxc4 15. Bxc4 Be6 16. Bd3 Qd7 {½-½ (16) Arnold,L (2350)-Sonnberger,R (2255) Goetzis 1997}) 15. cxd5 cxd5 16. Bb5 Bd7 17. Bg5 Be7 18. Bd2 a6 {[%cal Ba7a6,Ba6a5,Ba5a4,Ba4a3][%mdl 32]} 19. Bxd7 Qxd7 20. Rxb6 Qxa4 21. Qf4 Qd7 22. Rfb1 a5 23. Rb7 Qd8 24. Qf3 a4 25. Bg5 f6 26. Bf4 {Strongly threatening Qh3.} a3 27. h4 (27. Qh3 Qc8 28. Rd7 a2 $19) 27... Bf8 28. g3 (28. Bc7 $2 Qd7 29. c4 dxc4 $19) (28. Kh2 $1 $11) 28... Re7 $1 $15 {[%cal Re7b7] aiming for ...Rxb7.} 29. R7b5 (29. Bc7 Rxc7 30. Rxc7 a2 $17) 29... Rd7 (29... Qd7 $17 {White must now prevent ...a2.} 30. c4 Ree8 31. Qxd5+ (31. Rxd5 Qa4 32. Qd3 a2 $17) 31... Qxd5 32. cxd5 Rec8) 30. Qe2 Qe7 (30... a2 $6 31. Ra1 $14) 31. Qc2 Rc8 32. Qb3 Qe4 33. Be3 Qd3 34. Rc1 Qe4 35. Rc2 (35. Rb1 $11) 35... Ra8 36. Ra2 Rc8 37. Rc2 $1 Ra8 (37... h6 $17 38. Rc1 g5) 38. c4 (38. Ra2 $1 $11 {remains equal.}) 38... dxc4 $17 39. Qxc4+ Kg7 40. Qb3 Rda7 $36 {[%mdl 2048] And now ...a2 would win. Black has some pressure.} 41. Ra2 ({But not} 41. f3 $2 {[#]} Qxc2 $1 {[%mdl 512]} 42. Rb7+ (42. Qxc2 $2 {loses.} a2 43. Qc1 a1=Q $19) 42... Kh8 43. Qxc2 a2 44. Rxa7 (44. Rb1 $2 axb1=R+ 45. Qxb1 Ra1 $19) 44... Rxa7 $19) 41... Bd6 42. Rb6 Rd8 43. Re2 (43. d5 $1 $11 {keeps the balance.} Rad7 44. Re2) 43... Qa8 44. Ra2 Rb8 45. Rxb8 $1 (45. d5 $2 Rab7 46. Rxb7+ Qxb7 $17) 45... Qxb8 46. Qd5 $2 {[#]} (46. Qxb8 $17 Bxb8 47. Kf1) 46... Bxg3 $1 $19 {[%mdl 512]} 47. h5 (47. fxg3 Qxg3+) 47... Bf4 48. Kg2 $2 (48. Bxf4 Qxf4 49. hxg6) 48... Bxe3 49. fxe3 Qa8 50. Qxa8 Rxa8 51. hxg6 hxg6 {[%mdl 4096] Endgame KR-KR} (51... Kxg6 $2 52. e4 $19) 52. Kf3 Kf7 53. Kf4 Ke6 54. e4 f5 55. d5+ Kd6 56. exf5 gxf5 {Black mates.} ({And not} 56... Kxd5 57. fxg6 Kc4 58. Kg5 $11 (58. g7 Kb3 59. Rg2 a2 60. Rxa2 Kxa2 $11)) 57. Kxf5 Kxd5 58. Rd2+ Kc4 59. Rc2+ Kb3 60. Rc7 a2 61. Rb7+ Kc4 0-1

[Event "20th Heraklion IT Open 2017"]
[Site "Heraklion"]
[Date "2017.04.21"]
[Round "6"]
[White "Friedel, Marcus"]
[Black "Antic, Dejan"]
[Result "1-0"]
[WhiteElo "2182"]
[BlackElo "2472"]
[Annotator "TA"]
[PlyCount "79"]
[EventDate "2017.??.??"]
[EventType "swiss"]
[EventCountry "GRE"]
[SourceTitle "playchess.com"]
[Source "ChessBase"]
[SourceQuality "1"]

{[%evp 20,79,44,43,43,42,46,43,66,34,31,25,28,24,29,21,24,12,23,12,27,-10,-3,-7,-12,-7,-7,-10,-10,-20,-25,-21,5,2,4,4,113,0,0,0,0,0,12,37,27,22,177,102,130,135,124,22,22,26,17,18,55,24,24,13,25,14]} 1. c4 Nf6 2. g3 c5 3. Bg2 d5 4. cxd5 Nxd5 5. Nc3 Nc7 6. Nf3 Nc6 7. a3 e5 8. b4 f6 9. bxc5 {A34: Symmetrical English: 2 Nc3, lines with ...d5} (9. Rb1 cxb4 10. axb4 a6 11. O-O Be7 12. b5 axb5 13. Nxb5 Nxb5 14. Rxb5 O-O 15. d3 Ra5 16. Qb3+ Kh8 {1-0 (29) Meier,G (2641)-Timofeev,A (2677) Havana 2009}) 9... Bxc5 10. O-O Be6 11. Rb1 {LiveBook: 3 Games. White is slightly better.} Bb6 $146 (11... Rb8 12. Qa4 O-O 13. Rxb7 Nd4 14. Nxd4 Bxd4 15. e3 Rxb7 16. Bxb7 {1-0 (54) Korpa,B (2417)-Seres,L (2408) Budapest 2014}) 12. d3 O-O 13. Na4 Nd5 14. Nxb6 Nxb6 15. Be3 Rf7 16. Bxb6 axb6 17. Qc1 Ra5 18. Qb2 b5 19. Rfc1 Qd6 20. Rc3 {[#]} b4 $1 {[%mdl 512]} 21. axb4 Ra2 22. Qc1 Rxe2 23. b5 Nd4 24. Rb2 Rxb2 25. Qxb2 b6 26. Nxd4 Qxd4 27. Qa3 $36 {[%mdl 2048] Rc6 is the strong threat. White has some pressure.} Rd7 {[#]} (27... Ra7 $1 $11 28. Qxa7 Qxc3) 28. Rc6 (28. Rc8+ $1 $16 Kf7 29. Qf8+ Kg6 30. Be4+ Kh6 31. Qh8) 28... Kf7 $11 29. h4 Bf5 30. h5 {Threatens to win with Qa2+.} Be6 31. Rc8 {[%csl Ga3][%cal Rc8f8]} Qd6 32. Qa8 {Black must now prevent Rh8.} f5 $2 (32... Qxd3 $2 33. Rh8 Qd1+ 34. Bf1 $18) (32... Bd5 $1 $11 {and Black is okay.} 33. Rf8+ Qxf8 34. Bxd5+ Ke7 35. Qa3+ Rd6) 33. Rh8 (33. Bc6 $18 Rc7 34. Rd8 (34. Rxc7+ Qxc7 35. Qh8 Qd6 36. Qxh7 Bc8 $18)) 33... Kf6 $16 {[#]} 34. Bc6 $1 {[%cal Rc6d7]} Rf7 ({Not} 34... Qxd3 $2 35. Bxd7 (35. Rxh7 f4 36. Bxd7 Qd1+ 37. Kh2 fxg3+ 38. fxg3 Qc2+ 39. Qg2 Qxh7 40. Bxe6 Kxe6 $16) 35... Qd1+ 36. Kh2 Qxd7 37. Rxh7 $18) 35. Qd8+ (35. Rd8 $16 Qe7 36. Rb8) 35... Qxd8 $11 36. Rxd8 Ra7 37. Rb8 Ra1+ 38. Kg2 Rd1 39. Rxb6 Rxd3 40. Ra6 {[%mdl 32768] Loss on Time!?} 1-0

[Event "20th Heraklion IT Open 2017"]
[Site "Heraklion"]
[Date "2017.04.21"]
[Round "6"]
[White "Mamoulakis, Eleftherios"]
[Black "Galanakis, Nikos"]
[Result "1-0"]
[WhiteElo "2117"]
[BlackElo "1588"]
[Annotator "NA"]
[PlyCount "81"]
[EventDate "2017.??.??"]
[EventType "swiss"]
[EventCountry "GRE"]
[SourceTitle "playchess.com"]
[Source "ChessBase"]
[SourceQuality "1"]
[TimeControl "40/5400+30:1800+30"]

1. Nf3 {[%emt 0:00:00]} b5 {[%emt 0:08:52]} 2. d4 {[%emt 0:00:06]} Bb7 {[%emt 0:00:10]} 3. e3 {[%emt 0:00:32]} a6 {[%emt 0:00:09]} 4. c4 {[%emt 0:00:20]} bxc4 {[%emt 0:00:08]} 5. Bxc4 {[%emt 0:00:12]} e6 {[%emt 0:00:20]} 6. Nc3 {[%emt 0:00:30]} Nf6 {[%emt 0:00:08]} 7. O-O {[%emt 0:00:18] A46: 1 d4 Nf6 2 Nf3 e6: Torre, London and Colle Systems} d6 {[%emt 0:03:51]} (7... d5 8. Bd3 Nbd7 9. b3 Bb4 10. Bb2 Qe7 11. Na4 O-O 12. a3 Bd6 13. b4 Bc6 {½-½ (52) Garcia Molina,F (2166)-Ljubojevic,L (2571) Linares 2016}) 8. d5 {[%emt 0:03:40]} e5 {[%emt 0:00:37]} 9. e4 $146 {[%emt 0:00:09]} (9. Qc2 Nbd7 10. a3 Be7 11. Rd1 h6 12. Ba2 O-O 13. b4 {1-0 (35) Verich,O (1082)-Rush,B (988) LSS email 2011}) 9... Nbd7 {[%emt 0:05:57]} 10. Qe2 {[%emt 0:01:04]} Be7 {[%emt 0:06:15]} 11. h3 {[%emt 0:04:06]} Nb6 {[%emt 0:05:09]} 12. Bd3 {[%emt 0:00:51]} Qd7 {[%emt 0:06:20]} 13. Be3 {[%emt 0:01:16]} O-O {[%emt 0:02:01]} 14. Rac1 {[%emt 0:00:28]} Rfb8 {[%emt 0:03:12]} 15. b3 {[%emt 0:05:36]} Bd8 {[%emt 0:07:42]} 16. Nd2 {[%emt 0:11:15]} Qe8 {[%emt 0:07:46]} 17. Nc4 {[%emt 0:11:18]} Nxc4 {[%emt 0:03:46]} 18. Bxc4 {[%emt 0:00:46]} Nd7 {[%emt 0:03:46]} 19. Bd3 {[%emt 0:00:53]} Nb6 {[%emt 0:02:03]} 20. Rc2 {[%emt 0:02:31]} f6 {[%emt 0:09:29]} 21. Rfc1 {[%emt 0:00:36]} Qg6 {[%emt 0:01:11]} 22. Qg4 {[%emt 0:07:11]} Qf7 {[%emt 0:04:16]} 23. f4 {[%emt 0:02:21]} Bc8 {[%emt 0:04:15]} 24. Qg3 {[%emt 0:02:48]} Nd7 {[%emt 0:03:27]} 25. f5 {[%emt 0:01:27]} Nb6 {[%emt 0:01:32]} 26. Qf3 {[%emt 0:00:31]} Bb7 {[%emt 0:00:21]} 27. Qe2 {[%emt 0:03:31]} Kh8 {[%emt 0:01:49]} 28. a4 {[%emt 0:00:55]} Kg8 {[%emt 0:03:21]} 29. a5 {[%emt 0:00:23]} Nc8 {[%emt 0:02:25]} 30. b4 {[%emt 0:00:19]} Ne7 {[%emt 0:01:44]} 31. b5 {[%emt 0:01:39]} axb5 {[%emt 0:01:02]} 32. Nxb5 {[%emt 0:00:09]} Rxa5 {[%emt 0:01:11]} 33. Nxc7 {[%emt 0:00:14]} Bxc7 {[%emt 0:00:48]} 34. Rxc7 {[%emt 0:00:12]} Qe8 {[%emt 0:00:31]} 35. Rb1 {[%emt 0:03:11]} Nxd5 {[%emt 0:01:47]} 36. Rcxb7 {[%emt 0:02:57]} (36. exd5 $142 Qf8 37. Rbxb7 Rxb7 38. Rxb7) 36... Rxb7 {[%emt 0:00:19]} 37. Rxb7 {[%emt 0:00:10]} Nxe3 {[%emt 0:00:40]} 38. Qxe3 {[%emt 0:00:20]} h6 $18 {[%emt 0:00:34]} (38... Qc8 $142) 39. Qb6 {[%emt 0:03:36]} Ra1+ {[%emt 0:00:13]} 40. Kh2 {[%emt 0:00:00]} Rd1 {[%emt 0:00:33]} 41. Rb8 {[%emt 0:00:44]} 1-0

[Event "20th Heraklion IT Open 2017"]
[Site "Heraklion"]
[Date "2017.04.21"]
[Round "6"]
[White "Serpetsidakis, Nikolaos"]
[Black "Hristodoulaki, Antonia"]
[Result "1/2-1/2"]
[WhiteElo "1994"]
[BlackElo "1994"]
[Annotator "NA RC"]
[PlyCount "106"]
[EventDate "2017.??.??"]
[EventType "swiss"]
[EventCountry "GRE"]
[SourceTitle "playchess.com"]
[Source "ChessBase"]
[SourceQuality "1"]
[TimeControl "40/5400+30:1800+30"]

1. d4 {[%emt 0:00:00]} Nf6 {[%emt 0:05:05]} 2. c4 {[%emt 0:00:00]} e6 {[%emt 0:00:07]} 3. Nc3 {[%emt 0:00:04]} Bb4 {[%emt 0:00:43]} 4. e3 {[%emt 0:00:19]} O-O {[%emt 0:00:15]} 5. Bd3 {[%emt 0:00:06]} d5 {[%emt 0:00:51]} 6. Nf3 {[%emt 0:00:10]} b6 {[%emt 0:01:56]} 7. O-O {[%emt 0:00:14] LiveBook: 565 Games} Ba6 {[%emt 0:01:02]} 8. cxd5 {[%emt 0:02:46]} exd5 {[%emt 0:00:18]} 9. Bxa6 {[%emt 0:02:15]} Nxa6 {[%emt 0:00:03]} 10. Qd3 {[%emt 0:00:52]} Qc8 {[%emt 0:02:32]} 11. a3 {[%emt 0:00:30]} Bxc3 {[%emt 0:20:39]} 12. bxc3 {[%emt 0:00:21]} c5 {[%emt 0:01:24]} 13. Nd2 {[%emt 0:03:22] E53: Nimzo-Indian: Rubinstein: Main Line (4...0-0 5 Nf3 d5 6 Bd3 c5 7 0-0)} Re8 {[%emt 0:16:04]} 14. Bb2 $146 {[%emt 0:02:08]} (14. f3 Qb7 15. Bb2 c4 16. Qe2 Re6 17. Rfe1 Rae8 18. Nf1 Nh5 19. Qd2 f5 20. a4 Qf7 21. g3 Nc7 22. Ba3 h6 23. h3 Nf6 24. g4 Nh7 25. Kg2 fxg4 {½-½ (25) Johannessen,L (2519)-Leko,P (2744) Tromsoe 2013}) 14... c4 {[%emt 0:13:07]} 15. Qc2 {[%emt 0:00:57]} b5 {[%emt 0:00:15]} 16. Rae1 {[%emt 0:01:42]} Nc7 {[%emt 0:03:33]} 17. f3 {[%emt 0:02:39]} Ne6 {[%emt 0:02:38]} 18. g3 {[%emt 0:05:36]} a5 {[%emt 0:10:10]} 19. e4 {[%emt 0:00:59]} g6 {[%emt 0:02:27]} 20. e5 {[%emt 0:08:01]} Nh5 {[%emt 0:02:29]} 21. f4 {[%emt 0:01:24]} Nhg7 {[%emt 0:02:40]} 22. Rf3 {[%emt 0:13:14]} Rf8 {[%emt 0:04:56]} 23. Nf1 {[%emt 0:04:28]} Qd7 {[%emt 0:05:52]} 24. Ne3 {[%emt 0:02:33]} f5 {[%emt 0:01:27]} 25. exf6 {[%emt 0:03:09]} Rxf6 {[%emt 0:00:02]} 26. Ng4 {[%emt 0:06:13]} Rff8 {[%emt 0:00:01]} 27. Rfe3 {[%emt 0:05:35]} Ra6 {[%emt 0:00:44]} 28. Qe2 {[%emt 0:00:22]} h5 {[%emt 0:02:00]} 29. Ne5 $1 {[%emt 0:01:24]} Qe8 {[%emt 0:00:04]} 30. Nf3 {[%emt 0:03:00]} Qd8 {[%emt 0:00:52]} 31. Re5 {[%emt 0:00:57]} Rf5 {[%emt 0:00:40]} 32. Nh4 {[%emt 0:00:33] [#]} Nxf4 $1 {[%emt 0:00:49]} 33. gxf4 {[%emt 0:12:27]} Qxh4 {[%emt 0:00:02]} 34. Bc1 {[%emt 0:00:19]} Qg4+ {[%emt 0:00:41]} 35. Qxg4 {[%emt 0:00:04]} hxg4 {[%emt 0:00:05]} 36. Kg2 {[%emt 0:00:02]} b4 {[%emt 0:01:22]} 37. axb4 {[%emt 0:01:24]} axb4 {[%emt 0:00:01]} 38. cxb4 {[%emt 0:00:01]} Ra4 {[%emt 0:00:11]} 39. Kg3 {[%emt 0:01:47]} Nh5+ {[%emt 0:00:49]} 40. Kxg4 {[%emt 0:00:00]} Nf6+ {[%emt 0:00:12]} 41. Kf3 {[%emt 0:01:21]} Rxb4 {[%emt 0:03:07]} 42. Rxf5 {[%emt 0:14:13]} (42. Be3 $15) 42... gxf5 {[%emt 0:00:02]} (42... Rb3+ $142 43. Re3 Rxe3+ 44. Bxe3 (44. Kxe3 gxf5 45. h3 Kg7 $17) 44... gxf5) 43. Re5 {[%emt 0:00:08]} Rb3+ {[%emt 0:00:38]} 44. Ke2 {[%emt 0:04:55]} Rh3 {[%emt 0:00:54]} 45. Rxf5 {[%emt 0:00:17]} Rxh2+ $17 {[%emt 0:00:03]} 46. Ke3 {[%emt 0:04:08]} Rh3+ {[%emt 0:01:38]} 47. Kd2 {[%emt 0:12:07]} Ne4+ {[%emt 0:10:50]} 48. Kd1 {[%emt 0:00:36]} Rh1+ {[%emt 0:00:22]} 49. Kc2 {[%emt 0:00:10]} Rh2+ {[%emt 0:00:09]} 50. Kd1 {[%emt 0:00:06]} Nf2+ {[%emt 0:11:20]} 51. Kc2 {[%emt 0:00:31]} Ne4+ {[%emt 0:03:25]} 52. Kd1 {[%emt 0:00:50]} Nf2+ {[%emt 0:04:08]} 53. Kc2 {[%emt 0:00:07]} Ne4+ {[%emt 0:00:31]} 1/2-1/2